000 00571cam a2200217 4500
001 D15509
008 090401t1978 xxu||||| |||| 00| 0 eng d
035 _a(Sirsi) u23279
041 _aeng
050 _a711.552
090 _aRICS 1978/12ABC
110 _aRoyal Institution of Chartered Surveyors
_94900
245 _aIndustrial development: seminar, 4th May, 1978
260 _bRICS
_c1978
300 _a4 papers
350 _a0
520 _aFiled in Box 1978/12 ABC
710 _aPlanning and Development Division
_9784
942 _n0
948 _c04/03/1997
999 _c88372
_d88372